[Event "Zalakaros op 43rd"]
[Site "Zalakaros"]
[Date "2024.05.28"]
[Round "4"]
[White "Sipos, Janos"]
[Black "Kincs, Imre"]
[Result "1/2-1/2"]
[WhiteElo "2193"]
[BlackElo "1938"]
[PlyCount "120"]
[EventDate "2024.05.25"]
[EventType "swiss"]
[EventRounds "9"]
[EventCountry "HUN"]
[SourceTitle "CBM 220 Extra"]
[Source "ChessBase"]
[SourceDate "2024.07.31"]
[SourceVersion "1"]
[SourceVersionDate "2024.07.31"]
[SourceQuality "1"]

1. c4 Nf6 2. g3 c5 3. Bg2 Nc6 4. Nf3 e5 5. Nc3 d6 6. d3 Be7 7. 0-0 a6 8. a3 Rb8 9. b4 0-0 10. bxc5 dxc5 11. Bb2 Bg4 12. h3 Bh5 13. g4 Bg6 14. Nh4 Nd4 15. Nxg6 hxg6 16. e3 Ne6 17. a4 g5 18. Qe2 Bd6 19. Rfb1 Re8 20. Ra3 b6 21. Rb3 Bc7 22. Ba1 Qd6 23. Rd1 Rbd8 24. Qf3 Nf8 25. Rbb1 Ng6 26. Qc6 Nh4 27. Qxd6 Rxd6 28. Ne4 Nxe4 29. Bxe4 a5 30. Kf1 Kf8 31. Rb2 Ng6 32. Rbd2 Red8 33. Bb2 Kg8 34. Kg2 R8d7 35. Kf1 Rd8 36. Ke2 R8d7 37. Rh1 Rd8 38. Kd1 Rf6 39. Kc2 Nf8 40. Bf5 Ne6 41. h4 gxh4 42. f4 exf4 43. Bxf6 gxf6 44. Bxe6 fxe6 45. exf4 Bxf4 46. Re2 e5 47. Rxh4 Kg7 48. Rh5 Kg6 49. Re1 Bg5 50. Rb1 Rd4 51. Rxb6 e4 52. dxe4 Rxc4+ 53. Kb3 Rxe4 54. Rb5 Rxg4 55. Rh3 c4+ 56. Kc3 f5 57. Rxa5 Bf6+ 58. Kb4 c3+ 59. Kb3 Rg2 60. Ra6 Kg5 1/2-1/2

[Event "Zalakaros op 43rd"]
[Site "Zalakaros"]
[Date "2024.05.25"]
[Round "1"]
[White "Jaidambareesh, NR."]
[Black "Sipos, Janos"]
[Result "1-0"]
[WhiteElo "1864"]
[BlackElo "2193"]
[PlyCount "67"]
[EventDate "2024.05.25"]
[EventType "swiss"]
[EventRounds "9"]
[EventCountry "HUN"]
[SourceTitle "CBM 220 Extra"]
[Source "ChessBase"]
[SourceDate "2024.07.31"]
[SourceVersion "1"]
[SourceVersionDate "2024.07.31"]
[SourceQuality "1"]

1. Nf3 Nf6 2. g3 g6 3. b3 Bg7 4. Bb2 c5 5. c4 0-0 6. Bg2 Nc6 7. 0-0 b6 8. d4 cxd4 9. Nxd4 Bb7 10. Nc3 Rb8 11. Nc2 a6 12. Nd5 Ne8 13. Bxg7 Kxg7 14. Qd3 e6 15. Nde3 Ne5 16. Qd4 Bxg2 17. Kxg2 f6 18. Rad1 Rf7 19. Nb4 Qc8 20. f4 Nc6 21. Nxc6 Qxc6+ 22. Rf3 Kg8 23. Ng4 Kg7 24. Ne5 fxe5 25. Qxe5+ Nf6 26. Qxb8 Ng4 27. Rdd3 Qe4 28. Rd2 Ne3+ 29. Kg1 Qb1+ 30. Kf2 Ng4+ 31. Kg2 Qe1 32. Qd6 e5 33. h3 e4 34. Qd4+ 1-0

[Event "HUN-chT1 Charousek 2223"]
[Site "Hungary"]
[Date "2023.03.26"]
[Round "8.8"]
[White "Bernath, Bence"]
[Black "Sipos, Janos"]
[Result "1-0"]
[WhiteElo "2244"]
[BlackElo "2158"]
[PlyCount "67"]
[EventDate "2022.11.20"]
[EventType "team-tourn"]
[EventRounds "9"]
[EventCountry "HUN"]
[SourceTitle "EXT 2025"]
[Source "ChessBase"]
[SourceDate "2024.10.14"]
[SourceVersion "1"]
[SourceVersionDate "2024.10.14"]
[SourceQuality "1"]
[WhiteTeam "Paks ASE II"]
[BlackTeam "Tungsram ANSK II"]
[WhiteTeamCountry "HUN"]
[BlackTeamCountry "HUN"]

1. e4 c5 2. Nf3 Nc6 3. d4 cxd4 4. Nxd4 g6 5. c4 Bg7 6. Be3 Nf6 7. Nc3 0-0 8. f3 d6 9. Qd2 Bd7 10. Nc2 Qa5 11. Rc1 Rfc8 12. Be2 Be6 13. Na3 Ne5 14. Ncb5 Qxd2+ 15. Kxd2 Nc6 16. Nc2 a6 17. Nbd4 Bd7 18. b4 a5 19. Nxc6 bxc6 20. b5 cxb5 21. cxb5 Be6 22. Nd4 Bd7 23. b6 Rab8 24. Nb5 Ne8 25. Na7 Rxc1 26. Rxc1 Bb2 27. Rc2 Ba3 28. Nc6 Bxc6 29. Rxc6 Bc5 30. Ba6 Kg7 31. b7 Bxe3+ 32. Kxe3 Nf6 33. Rc7 e6 34. Bb5 1-0

[Event "HUN-chT1 Charousek 2223"]
[Site "Hungary"]
[Date "2022.12.18"]
[Round "3.7"]
[White "Kolimar, Kristof Pal"]
[Black "Sipos, Janos"]
[Result "1-0"]
[WhiteElo "2141"]
[BlackElo "2181"]
[PlyCount "105"]
[EventDate "2022.11.20"]
[EventType "team-tourn"]
[EventRounds "9"]
[EventCountry "HUN"]
[SourceTitle "EXT 2025"]
[Source "ChessBase"]
[SourceDate "2024.10.14"]
[SourceVersion "1"]
[SourceVersionDate "2024.10.14"]
[SourceQuality "1"]
[WhiteTeam "Sentimento Ajka BSK II"]
[BlackTeam "Tungsram ANSK II"]
[WhiteTeamCountry "HUN"]
[BlackTeamCountry "HUN"]

1. Nf3 c5 2. c4 g6 3. g3 Bg7 4. Bg2 Nc6 5. Nc3 e6 6. d4 Nxd4 7. Nxd4 cxd4 8. Ne4 f5 9. Nd6+ Kf8 10. 0-0 Qb6 11. Nb5 a6 12. Qa4 Ne7 13. Bd2 axb5 14. Qxa8 bxc4 15. Qa3 Kf7 16. Bb4 Nc6 17. Bd6 Qa5 18. Qxa5 Nxa5 19. b4 Nc6 20. b5 Ne7 21. a4 Nd5 22. Bxd5 exd5 23. Rfd1 d3 24. Ra2 Ke6 25. Bb4 d4 26. exd3 Kd5 27. dxc4+ Kxc4 28. Bd6 Re8 29. Bf4 d6 30. Rc2+ Kd5 31. Rc7 Be5 32. Bc1 Be6 33. a5 Rb8 34. f4 Bf6 35. b6 Bg8 36. Ba3 Be6 37. Rxh7 Ra8 38. Bb4 Kc4 39. Bxd6 Bd5 40. Rc7+ Kb3 41. Rc5 Be4 42. Be5 Kb4 43. Rc7 Bxe5 44. fxe5 d3 45. e6 Kb5 46. Rb1+ Ka6 47. Rb2 Re8 48. Rd7 Kxa5 49. e7 Bc6 50. Rd8 d2 51. Rdxd2 Rxe7 52. Rd8 Bb5 53. Rd5 1-0

[Event "HUN-chT1 Charousek 2223"]
[Site "Hungary"]
[Date "2022.12.04"]
[Round "2.8"]
[White "Rovid, Kalman"]
[Black "Sipos, Janos"]
[Result "1/2-1/2"]
[WhiteElo "2171"]
[BlackElo "2181"]
[PlyCount "138"]
[EventDate "2022.11.20"]
[EventType "team-tourn"]
[EventRounds "9"]
[EventCountry "HUN"]
[SourceTitle "EXT 2025"]
[Source "ChessBase"]
[SourceDate "2024.10.14"]
[SourceVersion "1"]
[SourceVersionDate "2024.10.14"]
[SourceQuality "1"]
[WhiteTeam "Haladas II"]
[BlackTeam "Tungsram ANSK II"]
[WhiteTeamCountry "HUN"]
[BlackTeamCountry "HUN"]

1. e4 e5 2. Nf3 Nc6 3. Bb5 a6 4. Bxc6 dxc6 5. 0-0 Qf6 6. d3 Bg4 7. Nbd2 Ne7 8. Qe1 Ng6 9. Qe3 Bd6 10. c3 c5 11. Ne1 Rd8 12. Nc4 b5 13. Nxd6+ Qxd6 14. f3 Be6 15. g3 0-0 16. b3 c4 17. dxc4 bxc4 18. b4 f6 19. Qe2 Rd7 20. Be3 Rfd8 21. Rf2 Qc6 22. Bc5 Qa4 23. Qc2 Qxc2 24. Rxc2 Nh8 25. a4 Nf7 26. Raa2 f5 27. Re2 fxe4 28. Rxe4 Rd1 29. Kf2 Bf5 30. Re3 Bb1 31. Rb2 e4 32. Bd4 exf3 33. Nxf3 Bd3 34. Rd2 Rxd2+ 35. Nxd2 Nd6 36. Re7 Nf5 37. Rxc7 Nxd4 38. cxd4 Rxd4 39. Ke3 Rg4 40. b5 axb5 41. axb5 c3 42. Kxd3 cxd2 43. Kxd2 Rb4 44. Rb7 h5 45. Kc3 Rb1 46. Kc4 Rc1+ 47. Kd5 Rd1+ 48. Kc6 Rc1+ 49. Kd7 Rd1+ 50. Kc8 Rb1 51. b6 Kh7 52. Rb8 Rc1+ 53. Kb7 Rc2 54. Rc8 Rxh2 55. Rc3 Rb2 56. Kc7 Kg6 57. b7 Kg5 58. b8Q Rxb8 59. Kxb8 Kg4 60. Kc7 g5 61. Kd6 h4 62. gxh4 gxh4 63. Ke5 h3 64. Rc8 h2 65. Rh8 Kg3 66. Ke4 Kg2 67. Rg8+ Kf1 68. Rh8 Kg2 69. Rxh2+ Kxh2 1/2-1/2

[Event "HUN-chT1 Charousek 2223"]
[Site "Hungary"]
[Date "2022.11.20"]
[Round "1.9"]
[White "Sipos, Janos"]
[Black "Borzsei, Andras"]
[Result "1-0"]
[WhiteElo "2178"]
[BlackElo "1900"]
[PlyCount "137"]
[EventDate "2022.11.20"]
[EventType "team-tourn"]
[EventRounds "9"]
[EventCountry "HUN"]
[SourceTitle "EXT 2025"]
[Source "ChessBase"]
[SourceDate "2024.10.14"]
[SourceVersion "1"]
[SourceVersionDate "2024.10.14"]
[SourceQuality "1"]
[WhiteTeam "Tungsram ANSK II"]
[BlackTeam "Gyori Elektromos"]
[WhiteTeamCountry "HUN"]
[BlackTeamCountry "HUN"]

1. c4 c6 2. b3 d5 3. Bb2 Nf6 4. g3 Bg4 5. Bg2 Nbd7 6. cxd5 cxd5 7. Nf3 e6 8. 0-0 Bd6 9. Nc3 0-0 10. Rc1 e5 11. Nb5 Qb6 12. Nxd6 Qxd6 13. Qc2 Ne8 14. d4 e4 15. Ne5 Bf5 16. Qd2 Qa6 17. a4 f6 18. Nxd7 Bxd7 19. Ba3 Rf7 20. Rc5 Bc6 21. f3 exf3 22. Bxf3 Nc7 23. Qc3 Qb6 24. b4 Bxa4 25. Rc1 Bc6 26. Qb3 Rd8 27. e3 a6 28. Bh5 Rfd7 29. Bg4 Rd6 30. b5 Nxb5 31. R5c2 Qc7 32. Bc5 Kh8 33. Qd3 Re8 34. Bxd6 Qxd6 35. Bf5 g6 36. Bh3 Qe7 37. Re1 Kg7 38. Bg2 Nd6 39. Rc5 Ne4 40. Bxe4 Qxe4 41. Qxe4 Rxe4 42. Kf2 Kf7 43. Ra1 Re6 44. Re1 Ke7 45. e4 Kd6 46. exd5 Bxd5 47. Rxe6+ Bxe6 48. Ra5 Bd7 49. Ke3 Bb5 50. Ra2 Bc4 51. Rf2 Ke6 52. Kd2 b5 53. Kc3 a5 54. Rf3 a4 55. Kb4 h6 56. Kc5 f5 57. Re3+ Kd7 58. d5 g5 59. Rf3 f4 60. gxf4 gxf4 61. Rxf4 a3 62. Rf7+ Kd8 63. Ra7 a2 64. d6 Bd3 65. Rxa2 Kd7 66. Ra7+ Kd8 67. Ra3 Bf1 68. Rg3 Bc4 69. Rh3 1-0

[Event "HUN-chT1 Charousek 2122"]
[Site "Hungary"]
[Date "2022.02.27"]
[Round "9.8"]
[White "Kovac, Boris"]
[Black "Sipos, Janos"]
[Result "0-1"]
[WhiteElo "2178"]
[BlackElo "2197"]
[PlyCount "162"]
[EventDate "2021.10.10"]
[EventType "team-tourn"]
[EventRounds "11"]
[EventCountry "HUN"]
[SourceTitle "EXT 2025"]
[Source "ChessBase"]
[SourceDate "2024.10.14"]
[SourceVersion "1"]
[SourceVersionDate "2024.10.14"]
[SourceQuality "1"]
[WhiteTeam "Szentgotthard Alsoszolnok"]
[BlackTeam "Tungsram ANSK II"]
[WhiteTeamCountry "HUN"]
[BlackTeamCountry "HUN"]

1. e4 c5 2. Nf3 e6 3. d4 cxd4 4. Nxd4 a6 5. c4 Nf6 6. Nc3 Qc7 7. Be3 Bb4 8. Bd3 Nc6 9. Nxc6 dxc6 10. Qb3 Bd6 11. h3 0-0 12. 0-0 e5 13. Be2 Be6 14. Qc2 Qe7 15. a3 Bc5 16. Bxc5 Qxc5 17. b4 Qe7 18. c5 Rfd8 19. Rad1 Rd4 20. Rxd4 exd4 21. Na4 Rd8 22. Bd3 Nh5 23. f4 g6 24. Nb2 Qh4 25. Qf2 Qxf2+ 26. Rxf2 f5 27. exf5 gxf5 28. g4 fxg4 29. hxg4 Bxg4 30. f5 Nf6 31. Rf4 Kg7 32. Nc4 Rd5 33. Nd6 b5 34. Be4 Re5 35. Bxc6 d3 36. Rd4 Re1+ 37. Kf2 Re2+ 38. Kg3 d2 39. Kf4 h5 40. Ne4 d1Q 41. Rxd1 Rxe4+ 42. Bxe4 Bxd1 43. c6 Ne8 44. Ke5 Bb3 45. f6+ Kf7 46. Bf5 h4 47. Bd7 Bc4 48. Bh3 Kf8 49. Bg4 Bf1 50. Ke6 h3 51. f7 Bc4+ 52. Ke5 Kxf7 53. Bxh3 Ke7 54. Bg4 Nc7 55. Bf3 Be6 56. Be4 Ne8 57. Bc2 Nd6 58. a4 Nc4+ 59. Kd4 Kd6 60. axb5 axb5 61. Be4 Ne5 62. c7 Nc6+ 63. Kc3 Kxc7 64. Bd3 Kb6 65. Be2 Ne5 66. Kd4 Bc4 67. Bh5 Nc6+ 68. Kc3 Kc7 69. Be8 Kd6 70. Bg6 Ke5 71. Be8 Bd5 72. Bd7 Ke4 73. Be8 Ke3 74. Bd7 Nd4 75. Be8 Bc6 76. Bg6 Ne2+ 77. Kb2 Kd4 78. Bh5 Nf4 79. Bf7 Nd3+ 80. Ka3 Kc3 81. Bd5 Nxb4 0-1

[Event "HUN-chT1 Charousek 2122"]
[Site "Hungary"]
[Date "2021.11.21"]
[Round "4.8"]
[White "Sipos, Janos"]
[Black "Farkas, Zsolt"]
[Result "1-0"]
[WhiteElo "2155"]
[BlackElo "2159"]
[PlyCount "115"]
[EventDate "2021.10.10"]
[EventType "team-tourn"]
[EventRounds "11"]
[EventCountry "HUN"]
[SourceTitle "EXT 2025"]
[Source "ChessBase"]
[SourceDate "2024.10.14"]
[SourceVersion "1"]
[SourceVersionDate "2024.10.14"]
[SourceQuality "1"]
[WhiteTeam "Tungsram ANSK II"]
[BlackTeam "Csuti Hydro"]
[WhiteTeamCountry "HUN"]
[BlackTeamCountry "HUN"]

1. c4 f5 2. g3 Nf6 3. Bg2 g6 4. Nc3 Bg7 5. d3 0-0 6. e4 fxe4 7. dxe4 e5 8. Nge2 d6 9. 0-0 Be6 10. b3 Qd7 11. Be3 Nc6 12. f3 Rad8 13. Qd2 b6 14. Rad1 Na5 15. Nd5 c5 16. Bg5 Nc6 17. f4 Nd4 18. Nxd4 Bxd5 19. Nb5 Bc6 20. fxe5 dxe5 21. Qxd7 Rxd7 22. Rxd7 Bxd7 23. Nxa7 h6 24. Bxf6 Bxf6 25. Rd1 Rf7 26. Rd6 Bd8 27. Rxg6+ Kh7 28. Rd6 Bc7 29. Rd2 Kg7 30. h4 Kf6 31. Kh2 Bb8 32. Nb5 Bxb5 33. cxb5 Ke7 34. Bh3 Bd6 35. Bf5 Rf8 36. Kg2 Rd8 37. g4 Kf6 38. Rf2 Be7 39. h5 Kg7 40. Be6 Rf8 41. Rd2 Rd8 42. Bd7 Kf7 43. Rf2+ Kg7 44. Be6 Rf8 45. Bf5 Rd8 46. Kf1 Bg5 47. Rc2 Rd2 48. Rxd2 Bxd2 49. Ke2 Bf4 50. Kd3 Kf6 51. Kc4 Ke7 52. Kd5 Kd8 53. Kc6 Be3 54. Kd6 Bf4 55. Be6 Ke8 56. Kc6 c4 57. Bxc4 Be3 58. b4 1-0

[Event "HUN-chT1 Charousek 2122"]
[Site "Hungary"]
[Date "2021.10.10"]
[Round "1.5"]
[White "Sipos, Janos"]
[Black "Sulyok, Sandor"]
[Result "1/2-1/2"]
[WhiteElo "2154"]
[BlackElo "2181"]
[PlyCount "40"]
[EventDate "2021.10.10"]
[EventType "team-tourn"]
[EventRounds "11"]
[EventCountry "HUN"]
[SourceTitle "EXT 2025"]
[Source "ChessBase"]
[SourceDate "2024.10.14"]
[SourceVersion "1"]
[SourceVersionDate "2024.10.14"]
[SourceQuality "1"]
[WhiteTeam "Tungsram ANSK II"]
[BlackTeam "Balatonfuered"]
[WhiteTeamCountry "HUN"]
[BlackTeamCountry "HUN"]

1. c4 c6 2. Nf3 d5 3. g3 Nf6 4. Bg2 Bf5 5. cxd5 cxd5 6. 0-0 Nc6 7. Nc3 e6 8. Qa4 Nd7 9. d4 Be7 10. Bf4 0-0 11. Rac1 Rc8 12. Qb3 Qb6 13. Qxb6 Nxb6 14. Nb5 a6 15. Nd6 Bxd6 16. Bxd6 Rfd8 17. Bc5 Nd7 18. Ba3 Be4 19. e3 b5 20. Bc5 Nxc5 1/2-1/2

[Event "HUN-chT2 Charousek 1718"]
[Site "Hungary"]
[Date "2018.02.18"]
[Round "6.5"]
[White "Horvath, Tamas"]
[Black "Sipos, Janos"]
[Result "1/2-1/2"]
[WhiteElo "2350"]
[BlackElo "2272"]
[PlyCount "88"]
[EventDate "2017.10.29"]
[EventType "team-tourn"]
[EventRounds "9"]
[EventCountry "HUN"]
[SourceTitle "EXT 2020"]
[Source "ChessBase"]
[SourceDate "2019.10.17"]
[SourceVersion "1"]
[SourceVersionDate "2019.10.17"]
[SourceQuality "1"]
[WhiteTeam "Csuti Hydro"]
[BlackTeam "Aquaprofit Nagykanizsa II"]
[WhiteTeamCountry "HUN"]
[BlackTeamCountry "HUN"]

1. e4 c5 2. Nf3 d6 3. d4 cxd4 4. Nxd4 Nf6 5. Nc3 g6 6. Be2 Bg7 7. 0-0 Nc6 8. Nb3 0-0 9. Bg5 Be6 10. f4 Na5 11. f5 Bd7 12. Kh1 Rc8 13. Bxf6 Bxf6 14. Nxa5 Qxa5 15. Nd5 Bg5 16. f6 exf6 17. Ne7+ Kg7 18. Nxc8 Rxc8 19. Qxd6 Rxc2 20. Qxd7 Rxe2 21. Qxb7 Qe5 22. Rad1 Rxb2 23. Qd5 Qc7 24. Rb1 Rd2 25. Rb7 Rxd5 26. Rxc7 Ra5 27. Rf2 Be3 28. Re2 Bd4 29. g3 h5 30. Rb7 g5 31. Rd2 Ra4 32. a3 Kg6 33. Rb4 Rxb4 34. axb4 Bc3 35. Rd7 Bxb4 36. Rxa7 g4 37. Kg2 Bc5 38. Rd7 Be3 39. Rd5 Ba7 40. Rd6 Kg7 41. Rd5 Kg6 42. h3 Be3 43. Rd8 Kg7 44. hxg4 hxg4 1/2-1/2

[Event "HUN-chT2 Charousek 1718"]
[Site "Hungary"]
[Date "2017.11.26"]
[Round "2.7"]
[White "Amrein, Roland"]
[Black "Sipos, Janos"]
[Result "0-1"]
[WhiteElo "2202"]
[BlackElo "2248"]
[PlyCount "94"]
[EventDate "2017.10.29"]
[EventType "team-tourn"]
[EventRounds "9"]
[EventCountry "HUN"]
[SourceTitle "EXT 2020"]
[Source "ChessBase"]
[SourceDate "2019.10.17"]
[SourceVersion "1"]
[SourceVersionDate "2019.10.17"]
[SourceQuality "1"]
[WhiteTeam "Komlo Banyasz"]
[BlackTeam "Aquaprofit Nagykanizsa II"]
[WhiteTeamCountry "HUN"]
[BlackTeamCountry "HUN"]

1. e4 c5 2. Nf3 d6 3. c3 Nf6 4. Bc4 Nc6 5. d3 g6 6. 0-0 Bg7 7. h3 0-0 8. Re1 Na5 9. Bb5 a6 10. Ba4 b5 11. Bc2 Bb7 12. Nbd2 Qc7 13. Nf1 Rac8 14. Bg5 Rfe8 15. Qd2 Nc6 16. Ne3 e6 17. Bxf6 Bxf6 18. Ng4 Bg7 19. Nh6+ Kh8 20. Qf4 Rf8 21. Qh4 f6 22. Rad1 Rce8 23. d4 cxd4 24. cxd4 Na5 25. Bd3 Qe7 26. Rc1 e5 27. Ng4 exd4 28. e5 fxe5 29. Bxg6 Qxh4 30. Nxh4 hxg6 31. Nxg6+ Kg8 32. Nxf8 Kxf8 33. Rc7 Bd5 34. f4 e4 35. f5 Be5 36. Ra7 Bg3 37. Nf6 Ra8 38. Nh7+ Ke8 39. Rxa8+ Bxa8 40. Rc1 d3 41. Nf6+ Kf7 42. Ng4 d5 43. b3 d4 44. Rd1 Nc6 45. Kf1 Nb4 46. a3 Nc2 47. Rb1 e3 0-1

[Event "HUN-chT2 Charousek 1516"]
[Site "Hungary"]
[Date "2016.04.17"]
[Round "9.9"]
[White "Sipos, Janos"]
[Black "Laza, Szabolcs"]
[Result "1-0"]
[WhiteElo "2244"]
[BlackElo "2159"]
[PlyCount "79"]
[EventDate "2015.10.18"]
[EventType "team-tourn"]
[EventRounds "9"]
[EventCountry "HUN"]
[SourceTitle "EXT 2017"]
[Source "ChessBase"]
[SourceDate "2016.10.25"]
[SourceVersion "1"]
[SourceVersionDate "2016.10.25"]
[SourceQuality "1"]
[WhiteTeam "Aquaprofit II"]
[BlackTeam "Budapest MTK"]
[WhiteTeamCountry "HUN"]
[BlackTeamCountry "HUN"]

1. c4 c6 2. g3 d5 3. Nf3 Nf6 4. Bg2 Bg4 5. Ne5 Be6 6. cxd5 Bxd5 7. Nf3 Nbd7 8. Nc3 e5 9. 0-0 Be7 10. Nxd5 Nxd5 11. d4 e4 12. Ne5 f5 13. f3 exf3 14. Rxf3 Nxe5 15. dxe5 0-0 16. Rb3 Bc5+ 17. Kh1 Qd7 18. Rd3 Rad8 19. Bg5 Rde8 20. Rc1 b6 21. b4 Be7 22. Bf4 g5 23. b5 gxf4 24. bxc6 Qc7 25. Bxd5+ Kh8 26. gxf4 Bc5 27. Bf3 Qg7 28. e3 Rg8 29. Qd2 a5 30. Rd7 Qh6 31. Qc3 Re6 32. Rc2 Qh3 33. Bg2 Qh4 34. c7 Bb4 35. c8Q Bxc3 36. Qxc3 b5 37. Rd1 Qg4 38. Rg1 b4 39. Qd4 h5 40. Qd1 1-0

[Event "HUN-chT2 Charousek 1415"]
[Site "Hungary"]
[Date "2015.03.01"]
[Round "7"]
[White "Sipos, Janos"]
[Black "Amrein, Roland"]
[Result "1-0"]
[WhiteElo "2282"]
[BlackElo "2266"]
[PlyCount "71"]
[EventDate "2014.10.12"]
[EventType "team-tourn"]
[EventRounds "9"]
[EventCountry "HUN"]
[SourceTitle "EXT 2016"]
[Source "ChessBase"]
[SourceDate "2015.10.08"]
[SourceVersion "1"]
[SourceVersionDate "2015.10.08"]
[SourceQuality "1"]
[WhiteTeam "Aquaprofit II"]
[BlackTeam "Komlo"]
[WhiteTeamCountry "HUN"]
[BlackTeamCountry "HUN"]

1. d4 Nf6 2. c4 g6 3. Nc3 Bg7 4. e4 d6 5. f4 0-0 6. Nf3 Na6 7. Bd3 e5 8. fxe5 dxe5 9. d5 c6 10. 0-0 cxd5 11. cxd5 Ne8 12. Be3 f5 13. exf5 gxf5 14. Ng5 Nd6 15. Qh5 h6 16. Ne6 Bxe6 17. dxe6 Qe8 18. Qxe8 Raxe8 19. Rad1 Rxe6 20. Bxa7 Ra8 21. Bc2 Rg6 22. Bf2 Kh8 23. Nd5 Re8 24. b4 Rf8 25. a4 Nb8 26. Bc5 e4 27. Nf4 Rg4 28. Rxd6 Rc8 29. Ng6+ Kh7 30. Ne7 Rc7 31. Nxf5 Bf8 32. Rd5 Nd7 33. Bxf8 Nxf8 34. Ne3 Rg8 35. Bxe4+ Kh8 36. Rd6 1-0

[Event "HUN-chT2 Charousek 1314"]
[Site "Hungary"]
[Date "2014.02.16"]
[Round "7"]
[White "Kormos, Adam"]
[Black "Sipos, Janos"]
[Result "0-1"]
[WhiteElo "2186"]
[BlackElo "2310"]
[PlyCount "94"]
[EventDate "2013.09.08"]
[EventType "team-tourn"]
[EventRounds "11"]
[EventCountry "HUN"]
[SourceTitle "EXT 2016"]
[Source "ChessBase"]
[SourceDate "2015.10.08"]
[SourceVersion "1"]
[SourceVersionDate "2015.10.08"]
[SourceQuality "1"]
[WhiteTeam "Budapest EAC"]
[BlackTeam "Nagykanizsa II"]
[WhiteTeamCountry "HUN"]
[BlackTeamCountry "HUN"]

1. e4 c5 2. Nf3 e6 3. d4 cxd4 4. Nxd4 a6 5. Nc3 Qc7 6. Be2 b5 7. a3 Bb7 8. 0-0 Nf6 9. Bf3 d6 10. Re1 Be7 11. Nd5 exd5 12. exd5 0-0 13. Nf5 Bd8 14. Bf4 Ne8 15. Re3 Bf6 16. g4 Nd7 17. g5 Be5 18. Bxe5 Nxe5 19. Be4 Bc8 20. Nd4 f5 21. Rc3 Qe7 22. Bg2 Qxg5 23. Ne6 Bxe6 24. dxe6 Ra7 25. Qd4 Qe7 26. f4 Ng4 27. Bc6 Rc7 28. Re1 Ngf6 29. Qb6 Rxc6 30. Qxc6 g6 31. Qxa6 Ne4 32. Rce3 Qxe6 33. Qxb5 N8f6 34. c4 Qe7 35. b4 Qa7 36. h3 Qd4 37. Kg2 Nh5 38. Qd5+ Qxd5 39. cxd5 Nxf4+ 40. Kh2 Nxd5 41. Rd3 Nf4 42. Rb3 Rc8 43. Kg1 Rc2 44. Rxe4 fxe4 45. b5 Ne2+ 46. Kf1 Nd4 47. Rb4 Nf3 0-1

[Event "HUN-chT2 Charousek 1314"]
[Site "Hungary"]
[Date "2013.10.20"]
[Round "3"]
[White "Sipos, Janos"]
[Black "Akots, Gabor"]
[Result "1/2-1/2"]
[WhiteElo "2310"]
[BlackElo "2255"]
[PlyCount "48"]
[EventDate "2013.09.08"]
[EventType "team-tourn"]
[EventRounds "11"]
[EventCountry "HUN"]
[SourceTitle "EXT 2016"]
[Source "ChessBase"]
[SourceDate "2015.10.08"]
[SourceVersion "1"]
[SourceVersionDate "2015.10.08"]
[SourceQuality "1"]
[WhiteTeam "Nagykanizsa II"]
[BlackTeam "Geniusz Tata"]
[WhiteTeamCountry "HUN"]
[BlackTeamCountry "HUN"]

1. c4 e5 2. g3 g6 3. Bg2 Bg7 4. Nc3 Nc6 5. e4 d6 6. Nge2 Nge7 7. d3 0-0 8. 0-0 Be6 9. Nd5 f5 10. Bg5 h6 11. Be3 Qd7 12. Qd2 Kh7 13. Rac1 Rf7 14. f3 Raf8 15. d4 fxe4 16. fxe4 exd4 17. Nxd4 Nxd4 18. Bxd4 Nc6 19. Bxg7 Kxg7 20. Nf4 Ne5 21. b3 b6 22. Qc3 Kh7 23. Nd5 Rxf1+ 24. Rxf1 Rxf1+ 1/2-1/2

[Event "HUN-chT2 Charousek 1213"]
[Site "Hungary"]
[Date "2013.03.24"]
[Round "9"]
[White "Sipos, Janos"]
[Black "Monda, Laszlo"]
[Result "1-0"]
[WhiteElo "2280"]
[BlackElo "2122"]
[PlyCount "93"]
[EventDate "2012.09.16"]
[EventType "team-tourn"]
[EventRounds "11"]
[EventCountry "HUN"]
[SourceTitle "EXT 2014"]
[Source "ChessBase"]
[SourceDate "2013.11.20"]
[SourceVersion "1"]
[SourceVersionDate "2013.11.20"]
[SourceQuality "1"]
[WhiteTeam "Aquaprofit II"]
[BlackTeam "Kobanya Aquarena"]
[WhiteTeamCountry "HUN"]
[BlackTeamCountry "HUN"]

1. c4 c6 2. g3 d5 3. Nf3 Nf6 4. Bg2 Bg4 5. Ne5 Bh5 6. cxd5 Nxd5 7. Nc3 e6 8. d4 Nd7 9. Nc4 N7b6 10. Nd2 Nb4 11. Nb3 e5 12. a3 Na6 13. dxe5 Nc4 14. Qxd8+ Rxd8 15. f4 Nc5 16. Nxc5 Bxc5 17. Ne4 Bd4 18. Ra2 0-0 19. b3 Na5 20. b4 Nb3 21. Bb2 Be3 22. Bc3 Bg4 23. Rb2 Nd4 24. Bd2 Bxd2+ 25. Rxd2 Be6 26. Kf2 Nb5 27. Rxd8 Rxd8 28. a4 Nc7 29. Nd6 Rb8 30. Rc1 Bb3 31. a5 a6 32. Ke3 Bd5 33. Be4 b6 34. Bd3 bxa5 35. bxa5 f6 36. Rb1 Rxb1 37. Bxb1 Nb5 38. Nxb5 cxb5 39. Kd4 Bc4 40. e3 h6 41. exf6 gxf6 42. Be4 Be2 43. Kc5 Kf7 44. Kb4 Ke6 45. Bb7 Kd6 46. Bxa6 Kc6 47. e4 1-0